000
00357nam a2200157Ia 4500
003
0STCL
008
150530s9999 xx 000 0 und d
040
_a
STCL
_c
STCL
100
_a
Demidovich, B. Ed
245
_a
Problems in mathematical analysis
260
_c
1930
546
_a
English
942
_2
ddc
_c
BK
999
_c
23591
_d
23591
005
20220125165958.0